Police practices and civil rights

Gespeichert in:  
Bibliographische Detailangaben
Körperschaft: USA (BeteiligteR)
Medienart: Druck Buch
Sprache:Englisch
Veröffentlicht: Washington, D.C. U.S. Gov. Print. Office 19XX-
In:Jahr: 1979
Bestand in Tübingen:In Tübingen vorhanden.
UB: KB 12 A 160
Verfügbarkeit prüfen: HBZ Gateway
Subito Bestelldienst: Jetzt bestellen.
Bände / Aufsätze:Bände / Aufsätze anzeigen.

MARC

LEADER 00000cam a22000002ca4500
001 1092029958
003 DE-627
005 20220514130315.0
007 tu
008 901024n19uuuuuuxx ||||| 00| ||eng c
035 |a (DE-627)1092029958 
035 |a (DE-576)022029958 
035 |a (DE-599)BSZ022029958 
040 |a DE-627  |b ger  |c DE-627  |e rakwb 
041 |a eng 
190 |j 1979 
245 0 0 |a Police practices and civil rights 
264 1 |a Washington, D.C.  |b U.S. Gov. Print. Office  |c 19XX- 
336 |a Text  |b txt  |2 rdacontent 
337 |a ohne Hilfsmittel zu benutzen  |b n  |2 rdamedia 
338 |a Band  |b nc  |2 rdacarrier 
500 |a Nebent.: Hearing on police practices ; hearing before the United States Commission on Civil Rights, Philadelphia, Penns. february 6, april 16-17, 1979 
710 2 |a USA  |b Commission on Civil Rights  |0 (DE-588)1044853-6  |0 (DE-627)100033261  |0 (DE-576)191403636  |4 oth 
951 |a MC 
ELC |b 1 
LOK |0 000 xxxxxcx a22 zn 4500 
LOK |0 001 2153074770 
LOK |0 003 DE-627 
LOK |0 004 1092029958 
LOK |0 005 20020606000000 
LOK |0 008 901024||||||||||||||||ger||||||| 
LOK |0 040   |a DE-21  |c DE-627  |d DE-21 
LOK |0 852   |a DE-21 
LOK |0 852 1  |c KB 12 A 160  |9 00 
LOK |0 935   |a krim 
LOK |0 936ln  |a k4.5.1.2.4 
LOK |0 939   |a 24-10-90  |b l01 
ORI |a SA-MARC-krimdoka001.raw 
SIG |a UB: KB 12 A 160 
SPR |a 1  |t KRI